Central Library OPAC University of Rajshahi

A quiet revolution : (Record no. 34344)

MARC details
000 -LEADER
fixed length control field 00898nam a2200265 a 4500
001 - CONTROL NUMBER
control field 34344
003 - CONTROL NUMBER IDENTIFIER
rucl marc code BD-RjUL
005 - DATE AND TIME OF LATEST TRANSACTION
control field 20211209052138.0
008 - FIXED-LENGTH DATA ELEMENTS--GENERAL INFORMATION
fixed length control field 140515s1986 maua b 000 0 eng
035 ## - SYSTEM CONTROL NUMBER
System control number (BD-RjUL)34438
040 ## - CATALOGING SOURCE
Original cataloging agency DLC
Transcribing agency DLC
Modifying agency BD-RjUL
Language of cataloging eng
041 ## - LANGUAGE CODE
Language code of text/sound track or separate title eng
082 00 - DEWEY DECIMAL CLASSIFICATION NUMBER
Classification number 305.42095492
Edition number 19
Author mark and year CHQ 1986
100 1# - MAIN ENTRY--PERSONAL NAME
Personal name Chen, Martha Alter.
9 (RLIN) 104433
245 12 - TITLE STATEMENT
Title A quiet revolution :
Remainder of title women in transition in rural Bangladesh /
Statement of responsibility, etc. Martha Alter Chen.
260 ## - PUBLICATION, DISTRIBUTION, ETC. (IMPRINT)
Place of publication, distribution, etc. Cambridge, MA :
Name of publisher, distributor, etc. Brac Prokashana,
Date of publication, distribution, etc. 1986.
300 ## - PHYSICAL DESCRIPTION
Pagination xii, 275 p. :
Illustrations ill. ;
Size 22 cm.
504 ## - BIBLIOGRAPHY, ETC. NOTE
Bibliography, etc Include bibliography.
610 20 - SUBJECT ADDED ENTRY--CORPORATE NAME
Corporate name or jurisdiction name as entry element Bangladesh Rural Advancement Committee.
650 #0 - SUBJECT ADDED ENTRY--TOPICAL TERM
Topical term or geographic name as entry element Women in rural development
Geographic subdivision Bangladesh
General subdivision Case studies.
9 (RLIN) 104434
Topical term or geographic name as entry element Community development
Geographic subdivision Bangladesh
General subdivision Case studies.
9 (RLIN) 104435
942 ## - ADDED ENTRY ELEMENTS (KOHA)
Source of classification or shelving scheme Dewey Decimal Classification
Koha item type Books
Holdings
Lost status Source of classification or shelving scheme Damaged status Not for loan Collection code Permanent Location Current Location Shelving location Date acquired Source of acquisition Cost, normal purchase price Total Checkouts Full call number Date last seen Copy number Koha item type
  Dewey Decimal Classification   Not For Loan Non-fiction Central Library, University of Rajshahi Central Library, University of Rajshahi Reading Room 01/06/1986 Dacca Orient Long 95.00   305.42095492 CHQ 1986 15/05/2014 C-1 Books